Sang Senduk Dan Sang Sawa

Bibliographic Details
Format: Book
Published: Selangor : QAFF Publications , 2007
Series:Buku Besar Saya Cerita-cerita Fabel Teladan

MARC

LEADER 00000cam a2200000 7i4500
001 0000046673
005 20150413.0
008 150405
020 |a 9789675015199 
020 |a 9789675015250 (set) 
090 0 0 |a MOR   |b MAL 
245 1 0 |a Sang Senduk Dan Sang Sawa 
260 |a Selangor :   |b QAFF Publications ,   |c 2007 
490 0 |a Buku Besar Saya Cerita-cerita Fabel Teladan 
999 |a 0001129119   |b Book   |c Children Collection   |e Cawangan Bandar Penawar 
999 |a 0001129121   |b Book   |c Children Collection   |e Cawangan Mersing 
999 |a 0001129122   |b Book   |c Children Collection   |e Cawangan Bandar Tenggara